000 00512nam a2200181 4500
999 _c163443
_d163443
005 20190415130500.0
010 _aENG-125056
020 _a9789389393200
_c485.00
035 _aEN-108588
037 _bDBAD/PUB
082 _a781.630
100 _aMathur, S.K.
245 _aPandit Bhimsen Joshi/
_cby S.K.Mathur
260 _aAllahabad
_bSanket Prakashan
_c2015
270 _a5 Upendra Nath Ashk Marg
_bAllahabad
_e211001
300 _av,152p.
_c22cm.(Hb)
942 _2ddc
_cEN
_h781.630
_mMAT